Consciencia, conscienciación y psico-sociopatología / (Record no. 173712)

MARC details
000 -LEADER
campo de control de longitud fija 00780namaa2200241 4500
001 - NÚMERO DE CONTROL
campo de control 173712
003 - IDENTIFICADOR DE NÚMERO DE CONTROL
campo de control ES-MaACL
005 - FECHA Y HORA DE LA ÚLTIMA TRANSACCIÓN
campo de control 20230906215325.0
008 - DATOS DE LONGITUD FIJA--INFORMACIÓN GENERAL
campo de control de longitud fija 100113s1985 sp d |||| | spa d
020 ## - NÚMERO INTERNACIONAL ESTÁNDAR DEL LIBRO
Número Internacional Estándar del Libro 84-86192-45-1
040 ## - FUENTE DE CATALOGACIÓN
Centro catalogador/agencia de origen IBH
Lengua de catalogación spa
Centro/agencia transcriptor SpMaBN
Normas de descripción rdc
080 ## - NÚMERO DE LA CLASIFICACIÓN DECIMAL UNIVERSAL
Número de la Clasificación Decimal Universal 159.95
100 1# - ENTRADA PRINCIPAL--NOMBRE DE PERSONA
Nombre de persona Jimeno Valdés, Agustín.
9 (RLIN) 66658
245 10 - MENCIÓN DEL TÍTULO
Título Consciencia, conscienciación y psico-sociopatología /
Mención de responsabilidad, etc. Agustín Jimeno Valdés.
260 ## - PUBLICACIÓN, DISTRIBUCIÓN, ETC.
Lugar de publicación, distribución, etc. Valladolid :
Nombre del editor, distribuidor, etc. Universidad, Secretariado de Publicaciones,
Fecha de publicación, distribución, etc. [1985]
300 ## - DESCRIPCIÓN FÍSICA
Extensión 189 p. :
Otras características físicas gráf. ;
Dimensiones 20 cm.
490 1# - MENCIÓN DE SERIE
Mención de serie Libro de bolsillo. Medicina ;
Designación de volumen o secuencia 1
500 ## - NOTA GENERAL
Nota general Índice.
650 #4 - PUNTO DE ACCESO ADICIONAL DE MATERIA--TÉRMINO DE MATERIA
Término de materia o nombre geográfico como elemento de entrada Conciencia.
9 (RLIN) 11241
830 0# - PUNTO DE ACCESO ADICIONAL DE SERIE-TÍTULO UNIFORME
Título uniforme Libro de bolsillo. Medicina ;
Designación de volumen o secuencia 1
9 (RLIN) 223590
852 ## - LOCALIZACIÓN
Ubicación ES-MaACL
Número de control de estantería L-8733
Holdings
Estatus retirado Estado de pérdida Estado de daño No para préstamo Biblioteca de origen Biblioteca actual Ubicación en estantería Fecha de adquisición Fuente de adquisición Total de préstamos Signatura topográfica completa Código de barras Visto por última vez Precio de reemplazo Tipo de ítem Koha
        Biblioteca del Ateneo de Madrid Biblioteca del Ateneo de Madrid Depósito 2 13/01/2010     L-8733 1182341 23/02/2023 23/02/2023 Libro impreso